000 01054nam a2200265 a 4500
001 79872
003 BD-RjUL
005 20220529170654.0
008 220529r20192014ii o 000 0 eng d
020 _a9789332536678
035 _a(BD-RjUL)79872
040 _aYDX
_beng
_cYDX
_dOCLCO
_dOCLCQ
_dN$T
_dOCLCF
_dBD-RjUL
041 _aeng
082 0 4 _223
_a570.15195
_bZAB 2019
100 1 _aZar, Jerrold H.,
_d1941-
_93260
245 1 0 _aBiostatistical analysis /
_cJerrold H. Zar
250 _a5th ed.,
260 _aNoida :
_bPearson India,
_c©2014, [Impression 2019]
300 _a756 pages;
_c24 cm
500 _aAcademic
506 1 _aLegal Deposit;
_cOnly available on premises controlled by the deposit library and to one user at any one time;
_eThe Legal Deposit Libraries (Non-Print Works) Regulations (UK).
_5UkOxU
540 _aRestricted: Printing from this resource is governed by The Legal Deposit Libraries (Non-Print Works) Regulations (UK) and UK copyright law currently in force.
_5UkOxU
650 0 _aBiometry
_93261
942 _2ddc
_cBK
999 _c79872
_d79872